Vybrané druhy poistných plnení
Definícia poistného plnenia v najvšeobecnejšom slova zmysle. Vznik poistenia. Poistné plnenie z pohľadu zákona č. 366/1999 Z.z. o daniach z príjmov v znení neskorších predpisov. Poistné náhrady zo zdravotného a nemocenského poistenia, dôchodkového zabezpečenia a z poistenia nezamestnanosti. Poi...
Salvato in:
| Autore principale: | |
|---|---|
| Natura: | Capitolo di libro |
| Lingua: | slovacco |
| Soggetti: | |
| Tags: |
Nessun Tag, puoi essere il primo ad aggiungerne!!
|
MARC
| LEADER | 00000naa$a2200000$$$4500 | ||
|---|---|---|---|
| 001 | 0002820 | ||
| 005 | 20231002123842.2 | ||
| 041 | 0 | |a slo | |
| 044 | |a SK | ||
| 245 | 1 | 0 | |a Vybrané druhy poistných plnení |c aut. Ján Mintál |
| 520 | |a Definícia poistného plnenia v najvšeobecnejšom slova zmysle. Vznik poistenia. Poistné plnenie z pohľadu zákona č. 366/1999 Z.z. o daniach z príjmov v znení neskorších predpisov. Poistné náhrady zo zdravotného a nemocenského poistenia, dôchodkového zabezpečenia a z poistenia nezamestnanosti. Poistné plnenia ako náhrady škôd. Poistné plnenia v kontexte daňových výdavkov. Praktické príklady. | ||
| 610 | 2 | 0 | |a poistné |
| 610 | 2 | 0 | |a poistenie |
| 610 | 2 | 0 | |a dane z príjmov |
| 610 | 2 | 0 | |a osoby fyzické |
| 610 | 2 | 0 | |a osoby právnické |
| 610 | 2 | 0 | |a výdavky daňové |
| 610 | 2 | 0 | |a podnikatelia |
| 100 | 1 | |a Mintál, Ján | |